000 00818nam a2200205Ii 4500
003 JO-AjNU
008 230605s9999||||xx |||||||||||||| ||und||
017 _a1994/2/168
040 _aJO-AjNU
_bara
_erda
_cJO-AjNU
041 _aara
050 1 4 _aBP15.M87.1993
100 3 _aد.م,
_eauthor
_941060
245 0 0 _aالإنسان ومستقبل الحضارة :وجهة نظر إسلامية/كتاب المؤتمر العام التاسع -عمان 23-25محرم 1414هـ /13-15 تموز 1993م
264 3 1 _aعمان:المجمع الملكي لبحوث الحضارة الاسلامية ،1993
300 _a693ص
336 _atext
_btxt
_2rdacontent
337 _aunmediated
_bn
_2rdamedia
338 _avolume
_bnc
_2rdacarrier
650 4 _aالاسلام والحضارة-الاسلام-مؤتمرات
_941061
999 _aA17475
_c21043
_d21043